| 000 | 00687cam a22002533a 4500 | ||
|---|---|---|---|
| 001 | 23783 | ||
| 003 | PGUSA | ||
| 005 | 20140828083516.0 | ||
| 008 | 071209s2007||||xxu|||||s|||||000 | eng d | ||
| 040 |
_aPGUSA _beng |
||
| 042 | _adc | ||
| 050 | 4 | _aPR | |
| 100 | 1 |
_aPain, Barry, _d1864-1928 |
|
| 245 | 1 | 0 |
_aEliza _h[electronic resource] / _cBarry Pain |
| 260 |
_bProject Gutenberg, _c2007 |
||
| 506 | _aPublic domain in the USA. | ||
| 516 | _aElectronic text | ||
| 653 | _aHumorous stories, English | ||
| 653 | _aShort stories | ||
| 700 | 1 |
_aGoldsmith, Wallace, _d1873-1945 |
|
| 830 | 0 |
_aProject Gutenberg _v23783 |
|
| 856 | 4 | 0 | _uhttp://www.gutenberg.org/ebooks/23783 |
| 942 | _cEB | ||
| 999 |
_c253038 _d253038 |
||